<?xml version="1.0" encoding="UTF-8"?>
<collection xmlns:xsi="http://www.w3.org/2001/XMLSchema-instance" xsi:schemaLocation="http://www.loc.gov/MARC21/slim http://www.loc.gov/standards/marcxml/schema/MARC21slim.xsd" xmlns="http://www.loc.gov/MARC21/slim">
 <record>
  <leader>00000cab a22000003a 4500</leader>
  <controlfield tag="001">UP-99796217609611718</controlfield>
  <controlfield tag="003">Buklod</controlfield>
  <controlfield tag="005">20231007234427.0</controlfield>
  <controlfield tag="006">m    |o  d |      </controlfield>
  <controlfield tag="007">ta</controlfield>
  <controlfield tag="008">110114s        xx     d | ||r |||||   ||</controlfield>
  <datafield tag="040" ind1=" " ind2=" ">
   <subfield code="a">DENGII</subfield>
  </datafield>
  <datafield tag="041" ind1=" " ind2=" ">
   <subfield code="a">eng</subfield>
  </datafield>
  <datafield tag="100" ind1="0" ind2=" ">
   <subfield code="a">Lanzerotti, M.Y.</subfield>
  </datafield>
  <datafield tag="245" ind1="0" ind2="0">
   <subfield code="a">Interpretation of rent's rule for ultralarge-scale integrated circuit designs, with an application to wirelength distribution models.</subfield>
  </datafield>
  <datafield tag="300" ind1=" " ind2=" ">
   <subfield code="a">pp. 1330-1347</subfield>
  </datafield>
  <datafield tag="520" ind1=" " ind2=" ">
   <subfield code="a">Computer hardware components have changed significantly since the 1960s, 1970s, 1980s, and even since the early 1990s. Work concerning Rent's memos prior to the present paper has been based on a 1971 interpretation of two unpublished memoranda written in 1960 by E. F. Rent while working at IBM, even though today's computer components are significantly different from those in 1960 and 1971. However, because of the significant changes in the design and implementation of computer hardware components since 1960 and 1971, a new interpretation of Rent's memos is needed for today's components. We have obtained copies of Rent's two memos. In these memos, Rent describes the method that he used to obtain an empirical relationship between properties of the computer hardware components of the IBM 1401 and the IBM 1410 computers. We have studied these memos carefully in order to understand Rent's original intent. Based on our careful reading of these two memos, the personal knowledge of one of us with the 1401 and 1410 computers, and our experience designing ultralarge-scale integrated (ULSI) circuits for high-performance microprocessors, we have derived an historically equivalent interpretation of Rent's memos suitable for today's computer components. The purpose of this paper is to present a new interpretation of the memos and to present an application to wirelength distributions of real ULSI circuitry. In this paper, we will: 1) describe the contents of the memos and Rent's method; 2) provide an historically-equivalent interpretation of Rent's memos for today's computer components; and 3) apply this new interpretation to real ULSI control logic circuitry in the 1.3-GHz IBM POWER4 microprocessor. In this paper, we will show that this new interpretation of the two memos provides improved wirelength distribution models with better qualitative agreement with measurements and more accurate estimates of wirelength distributions and wirelength requirements for real ULSI designs compared with prior methods.</subfield>
  </datafield>
  <datafield tag="653" ind1=" " ind2=" ">
   <subfield code="a">IBM 1401 computers.</subfield>
  </datafield>
  <datafield tag="653" ind1=" " ind2=" ">
   <subfield code="a">IBM 1410 computers.</subfield>
  </datafield>
  <datafield tag="653" ind1=" " ind2=" ">
   <subfield code="a">IBM POWER4 microprocessor.</subfield>
  </datafield>
  <datafield tag="653" ind1=" " ind2=" ">
   <subfield code="a">Rent memos.</subfield>
  </datafield>
  <datafield tag="653" ind1=" " ind2=" ">
   <subfield code="a">Rent method.</subfield>
  </datafield>
  <datafield tag="653" ind1=" " ind2=" ">
   <subfield code="a">Rent rule.</subfield>
  </datafield>
  <datafield tag="653" ind1=" " ind2=" ">
   <subfield code="a">ULSI control logic circuitry.</subfield>
  </datafield>
  <datafield tag="653" ind1=" " ind2=" ">
   <subfield code="a">Computer hardware components.</subfield>
  </datafield>
  <datafield tag="653" ind1=" " ind2=" ">
   <subfield code="a">High performance microprocessors.</subfield>
  </datafield>
  <datafield tag="653" ind1=" " ind2=" ">
   <subfield code="a">Ultralarge scale integrated circuit design.</subfield>
  </datafield>
  <datafield tag="653" ind1=" " ind2=" ">
   <subfield code="a">Wirelength distribution models.</subfield>
  </datafield>
  <datafield tag="773" ind1="0" ind2=" ">
   <subfield code="t">IEEE Transactions on VLSI systems</subfield>
   <subfield code="g">12, 12 (2004).</subfield>
  </datafield>
  <datafield tag="905" ind1=" " ind2=" ">
   <subfield code="a">FO</subfield>
  </datafield>
  <datafield tag="852" ind1=" " ind2=" ">
   <subfield code="a">UPD</subfield>
   <subfield code="b">DENG-II</subfield>
  </datafield>
  <datafield tag="942" ind1=" " ind2=" ">
   <subfield code="a">Article</subfield>
  </datafield>
 </record>
</collection>
